<?xml version="1.0" encoding="UTF-8"?>
<collection xmlns="http://www.loc.gov/MARC21/slim">
 <record>
  <leader>01380nam a22003137a 4500</leader>
  <controlfield tag="001">36008</controlfield>
  <controlfield tag="003">BD-DhAAL</controlfield>
  <controlfield tag="005">20211129154636.0</controlfield>
  <controlfield tag="008">190922r20081998it ac    b    000 0 eng d</controlfield>
  <datafield tag="999" ind1=" " ind2=" ">
   <subfield code="c">41347</subfield>
   <subfield code="d">41347</subfield>
  </datafield>
  <datafield tag="020" ind1=" " ind2=" ">
   <subfield code="a">9788887960174</subfield>
  </datafield>
  <datafield tag="020" ind1=" " ind2=" ">
   <subfield code="a">8887960178 (cased)</subfield>
  </datafield>
  <datafield tag="020" ind1=" " ind2=" ">
   <subfield code="a">8887960119 (pbk.)</subfield>
  </datafield>
  <datafield tag="040" ind1=" " ind2=" ">
   <subfield code="a">BD-DhAAL</subfield>
  </datafield>
  <datafield tag="082" ind1=" " ind2=" ">
   <subfield code="a">372.21094543</subfield>
   <subfield code="2">22</subfield>
  </datafield>
  <datafield tag="245" ind1=" " ind2=" ">
   <subfield code="a">Children, spaces, relations :</subfield>
   <subfield code="b">metaproject for an environment for young children /</subfield>
   <subfield code="c">edited by Giulio Ceppi and Michele Zini ; translation, Leslie Morrow</subfield>
  </datafield>
  <datafield tag="260" ind1=" " ind2=" ">
   <subfield code="a">Reggio Emilia, Italy :</subfield>
   <subfield code="b">Reggio Children,</subfield>
   <subfield code="c">c1998 [seventh printing 2008]</subfield>
  </datafield>
  <datafield tag="300" ind1=" " ind2=" ">
   <subfield code="a">158 pages :</subfield>
   <subfield code="b">illustrations (some colors), ports (some colors) ;</subfield>
   <subfield code="c">28 cm.</subfield>
  </datafield>
  <datafield tag="526" ind1=" " ind2=" ">
   <subfield code="a">BIED</subfield>
  </datafield>
  <datafield tag="541" ind1=" " ind2=" ">
   <subfield code="a">Complimentary copy from BIED</subfield>
   <subfield code="e">36008</subfield>
  </datafield>
  <datafield tag="650" ind1=" " ind2=" ">
   <subfield code="a">Early childhood education</subfield>
   <subfield code="z">Italy</subfield>
   <subfield code="z">Reggio Emilia.</subfield>
   <subfield code="9">35040</subfield>
  </datafield>
  <datafield tag="650" ind1=" " ind2=" ">
   <subfield code="a"> Education, Preschool</subfield>
   <subfield code="z">United States.</subfield>
   <subfield code="9">35041</subfield>
  </datafield>
  <datafield tag="700" ind1=" " ind2=" ">
   <subfield code="a">Ceppi, Giulio.</subfield>
   <subfield code="9">35042</subfield>
  </datafield>
  <datafield tag="700" ind1=" " ind2=" ">
   <subfield code="a">Zini, Michele.</subfield>
   <subfield code="9">35043</subfield>
  </datafield>
  <datafield tag="710" ind1=" " ind2=" ">
   <subfield code="a">Reggio Children.</subfield>
   <subfield code="9">35044</subfield>
  </datafield>
  <datafield tag="710" ind1=" " ind2=" ">
   <subfield code="a">Domus Academy (Milan, Italy).</subfield>
   <subfield code="b">Research Center.</subfield>
   <subfield code="9">35045</subfield>
  </datafield>
  <datafield tag="852" ind1=" " ind2=" ">
   <subfield code="a">Ayesha Abed Library</subfield>
   <subfield code="c">BIED Collection</subfield>
  </datafield>
  <datafield tag="942" ind1=" " ind2=" ">
   <subfield code="2">ddc</subfield>
   <subfield code="c">BK</subfield>
  </datafield>
  <datafield tag="952" ind1=" " ind2=" ">
   <subfield code="0">0</subfield>
   <subfield code="1">0</subfield>
   <subfield code="2">ddc</subfield>
   <subfield code="4">0</subfield>
   <subfield code="6">372_210945430000000_CHI</subfield>
   <subfield code="7">0</subfield>
   <subfield code="9">66449</subfield>
   <subfield code="a">BRACUL</subfield>
   <subfield code="b">BRACUL</subfield>
   <subfield code="c">GEN</subfield>
   <subfield code="d">2019-09-22</subfield>
   <subfield code="e">Complimentary copy from BIED</subfield>
   <subfield code="l">0</subfield>
   <subfield code="o">372.21094543 CHI</subfield>
   <subfield code="p">3010036008</subfield>
   <subfield code="r">2019-09-22</subfield>
   <subfield code="t">1</subfield>
   <subfield code="w">2019-09-22</subfield>
   <subfield code="y">BK</subfield>
   <subfield code="x">Transferred from BIED to General Stacks</subfield>
  </datafield>
 </record>
</collection>
